Encyclopaedia of occupational health and safety (Registro nro. 13298)
[ vista simple ]
| 000 -CABECERA | |
|---|---|
| Longitud fija campo de control | 01109nam a2200301 b 4500 |
| 001 - NÚMERO DE CONTROL | |
| Número de control | bimo0002391615 |
| 003 - IDENTIFICADOR DELl NÚMERO DE CONTROL | |
| Identificador del número de control | OSt |
| 005 - FECHA Y HORA DE LA ÚLTIMA TRANSACCIÓN | |
| Fecha y hora de la última transacción | 20140828145222.0 |
| 008 - CÓDIGOS DE INFORMACIÓN DE LONGITUD FIJA | |
| Códigos de información de longitud fija | 990426m1998 zui spa |
| 020 ## - NÚMERO INTERNACIONAL NORMALIZADO PARA LIBROS | |
| Número Internacional Normalizado para Libros (ISBN) | 92-2-109203-8 (obra completa) |
| 040 ## - FUENTE DE LA CATALOGACIÓN | |
| Centro catalogador de origen | SpMaBN |
| Lengua de catalogación | spa |
| Centro transcriptor | BMC |
| Normas de descripción | rdc |
| 082 ## - NÚMERO DE LA CLASIFICACIÓN DECIMAL DEWEY | |
| Númeroo de clasificación | 613.6203 |
| 082 ## - NÚMERO DE LA CLASIFICACIÓN DECIMAL DEWEY | |
| Númeroo de clasificación | 362.729503 |
| 245 00 - MENCIÓN DE TÍTULO | |
| Título | Encyclopaedia of occupational health and safety |
| Mención de responsabilidad, etc. | editor in chief, Jeanne Mager Stellman ; senior associate editor, Michael McCann ; associate editors, Leon Warshaw, Carole Brabant ; senior editors, John Finklea ... [et al.] |
| 250 ## - MENCIÓN DE EDICIÓN | |
| Mención de edición | 4th ed |
| 260 ## - PUBLICACIÓN, DISTRIBUCIÓN, ETC. (PIE DE IMPRENTA) | |
| Lugar de publicación, distribución, etc. | Geneva |
| Nombre del editor, distribuidor, etc. | International Labour Office |
| Fecha de publicación, distribución, etc. | 1998 |
| 300 ## - DESCRIPCIÓN FÍSICA | |
| Extensión | v. <1-2, 4> |
| Otras características físicas | il. |
| Dimensiones | 29 cm |
| 500 ## - NOTA GENERAL | |
| Nota general | Falta el vol. 3 |
| 650 24 - PUNTO DE ACCESO ADICIONAL DE MATERIA - TÉRMINO DE MATERIA | |
| Término de materia o nombre geográfico como elemento inicial | Seguridad industrial |
| Subdivisión de forma | Enciclopedias |
| 9 (RLIN) | 24529 |
| 650 24 - PUNTO DE ACCESO ADICIONAL DE MATERIA - TÉRMINO DE MATERIA | |
| Término de materia o nombre geográfico como elemento inicial | Higiene industrial |
| Subdivisión de forma | Enciclopedias |
| 9 (RLIN) | 24530 |
| 700 1# - PUNTO DE ACCESO ADICIONAL - NOMBRE DE PERSONA | |
| Nombre de persona | Stellman, Jeanne Mager |
| 9 (RLIN) | 24531 |
| 700 1# - PUNTO DE ACCESO ADICIONAL - NOMBRE DE PERSONA | |
| Nombre de persona | McCann, Michael |
| 9 (RLIN) | 24532 |
| 700 1# - PUNTO DE ACCESO ADICIONAL - NOMBRE DE PERSONA | |
| Nombre de persona | Warshaw, Leon J. |
| 9 (RLIN) | 24559 |
| 700 1# - PUNTO DE ACCESO ADICIONAL - NOMBRE DE PERSONA | |
| Nombre de persona | Brabant, Carole |
| 9 (RLIN) | 24561 |
| 700 1# - PUNTO DE ACCESO ADICIONAL - NOMBRE DE PERSONA | |
| Nombre de persona | Finklea, John |
| 9 (RLIN) | 24563 |
| 710 2# - PUNTO DE ACCESO ADICIONAL - NOMBRE DE ENTIDAD | |
| 9 (RLIN) | 5993 |
| Nombre de entidad o nombre de jurisdicción como elemento inicial | Oficina Internacional del Trabajo |
| 942 ## - ENTRADA DE ELEMENTOS AGREGADOS (KOHA) | |
| Fuente de clasificaión o esquema | Dewey Decimal Classification |
| Koha [por defecto] tipo de item | 1- Monografias |
| Suprimido | Perdido | Fuente de clasificación o esquema | Estropeado | Restricciones de uso | No para préstamo | Código de colección | Localización permanente | Localización actual | Localización en estanter&íacute;as | Fecha adquisición | Fuente de adquisición | Número de inventario | Préstamos totales | Signatura completa | Código de barras | Fecha última consulta | Coste, precio reemplazado | Fecha del precio de reemplazo | Tipo de item de Koha |
|---|---|---|---|---|---|---|---|---|---|---|---|---|---|---|---|---|---|---|---|
| NULL | NULL | Dewey Decimal Classification | NULL | Prestable | NULL | NULL | Biblioteca Miguel de Cervantes - UNICAES | Biblioteca Miguel de Cervantes - UNICAES | Sala Principal | 27/08/2014 | Donación - Embajada Americana | 021110 | 613.6203 ENC (v. 1) | 1021467 | 27/08/2014 | 75.00 | 27/08/2014 | 1- Monografias | |
| NULL | NULL | Dewey Decimal Classification | NULL | Prestable | NULL | NULL | Biblioteca Miguel de Cervantes - UNICAES | Biblioteca Miguel de Cervantes - UNICAES | Sala Principal | 27/08/2014 | Donación - Embajada Americana | 021111 | 613.6203 ENC (v. 1) | 1021468 | 27/08/2014 | 75.00 | 27/08/2014 | 1- Monografias | |
| NULL | NULL | Dewey Decimal Classification | NULL | Prestable | NULL | NULL | Biblioteca Miguel de Cervantes - UNICAES | Biblioteca Miguel de Cervantes - UNICAES | Sala Principal | 27/08/2014 | Donación - Embajada Americana | 021112 | 613.6203 ENC (v. 2) | 1021469 | 27/08/2014 | 75.00 | 27/08/2014 | 1- Monografias | |
| NULL | NULL | Dewey Decimal Classification | NULL | Prestable | NULL | NULL | Biblioteca Miguel de Cervantes - UNICAES | Biblioteca Miguel de Cervantes - UNICAES | Sala Principal | 27/08/2014 | Donación - Embajada Americana | 021113 | 613.6203 ENC (v. 2) | 1021470 | 27/08/2014 | 75.00 | 27/08/2014 | 1- Monografias | |
| NULL | NULL | Dewey Decimal Classification | NULL | Prestable | NULL | NULL | Biblioteca Miguel de Cervantes - UNICAES | Biblioteca Miguel de Cervantes - UNICAES | Sala Principal | 27/08/2014 | Donación - Embajada Americana | 021114 | 613.6203 ENC (v. 4) | 1021471 | 27/08/2014 | 75.00 | 27/08/2014 | 1- Monografias | |
| NULL | NULL | Dewey Decimal Classification | NULL | Prestable | NULL | NULL | Biblioteca Miguel de Cervantes - UNICAES | Biblioteca Miguel de Cervantes - UNICAES | Sala Principal | 27/08/2014 | Donación - Embajada Americana | 021115 | 613.6203 ENC (v. 4) | 1021472 | 27/08/2014 | 75.00 | 27/08/2014 | 1- Monografias |